[Event "Budapest Nuovo"]
[Site "Budapest"]
[Date "1992.??.??"]
[Round "2"]
[White "Stummer, Anton"]
[Black "Horvath, Jozsef"]
[Result "0-1"]
[WhiteElo "2310"]
[BlackElo "2480"]
[PlyCount "42"]
[EventDate "1992.01.??"]
[EventType "tourn"]
[EventRounds "13"]
[EventCountry "HUN"]
[EventCategory "8"]
[SourceTitle "EXT 1997"]
[Source "ChessBase"]
[SourceDate "1996.11.15"]
[SourceVersion "1"]
[SourceVersionDate "1996.11.15"]
[SourceQuality "1"]

1. Nf3 Nf6 2. g3 g6 3. b3 Bg7 4. Bb2 d6 5. d4 c5 6. dxc5 Qa5+ 7. Nbd2 Qxc5 8. Bd4 Qh5 9. Bg2 Bh3 10. 0-0 Nc6 11. Bb2 0-0 12. c4 Rad8 13. Bxh3 Qxh3 14. e4 Ng4 15. Bxg7 Kxg7 16. Re1 f5 17. exf5 Rxf5 18. Nf1 Rdf8 19. Nd4 Rxf2 20. Ne6+ Kg8 21. Qd5 Rxf1+ 0-1

[Event "Budapest Nuovo"]
[Site "Budapest"]
[Date "1992.??.??"]
[Round "13"]
[White "Stummer, Anton"]
[Black "Luther, Thomas"]
[Result "0-1"]
[WhiteElo "2310"]
[BlackElo "2490"]
[PlyCount "74"]
[EventDate "1992.01.??"]
[EventType "tourn"]
[EventRounds "13"]
[EventCountry "HUN"]
[EventCategory "8"]
[SourceTitle "EXT 1997"]
[Source "ChessBase"]
[SourceDate "1996.11.15"]
[SourceVersion "1"]
[SourceVersionDate "1996.11.15"]
[SourceQuality "1"]

1. Nf3 Nf6 2. g3 d5 3. Bg2 c6 4. 0-0 Bg4 5. b3 Nbd7 6. Bb2 e6 7. d3 Bd6 8. Nbd2 0-0 9. c4 a5 10. a3 e5 11. Qc2 Re8 12. e3 h6 13. Nh4 Bf8 14. h3 Be6 15. f4 exf4 16. exf4 Nc5 17. d4 Nce4 18. Nxe4 dxe4 19. Rae1 a4 20. bxa4 Qa5 21. f5 Bd7 22. Bxe4 Bd6 23. Kg2 Re7 24. Re2 Rae8 25. Bf3 Rxe2+ 26. Bxe2 Ne4 27. Rf3 Bxg3 28. Bd3 Bxh4 29. Bxe4 Qe1 30. Bd3 Bxf5 31. Rxf5 Qg3+ 32. Kh1 Qxh3+ 33. Kg1 Bg5 34. Rxg5 Re1+ 35. Kf2 Qe3+ 36. Kg2 Qg1+ 37. Kf3 Re3+ 0-1

[Event "Oberwart op"]
[Site "Oberwart"]
[Date "1992.??.??"]
[Round "9"]
[White "Stummer, Anton"]
[Black "Neulinger, Manfred"]
[Result "1/2-1/2"]
[WhiteElo "2305"]
[BlackElo "2220"]
[PlyCount "104"]
[EventDate "1992.07.??"]
[EventType "swiss"]
[EventRounds "9"]
[EventCountry "AUT"]
[SourceTitle "TD"]
[Source "ChessBase"]
[SourceDate "1994.03.01"]
[SourceVersion "1"]
[SourceVersionDate "1994.03.01"]
[SourceQuality "1"]

1. Nf3 f5 2. g3 Nf6 3. Bg2 g6 4. b3 Bg7 5. Bb2 0-0 6. 0-0 d6 7. d4 Ne4 8. Nbd2 c5 9. Qc1 Nxd2 10. Qxd2 Nc6 11. c4 e5 12. dxc5 dxc5 13. Qd5+ Qxd5 14. cxd5 Nd4 15. Nxd4 exd4 16. Rac1 b6 17. b4 Ba6 18. bxc5 bxc5 19. Rxc5 Bxe2 20. Rfc1 d3 21. Bxg7 Kxg7 22. Rc7+ Rf7 23. Rxf7+ Kxf7 24. Bf1 Re8 25. Bxe2 Rxe2 26. Rd1 Rxa2 27. Rxd3 Ke7 28. Rb3 Kd6 29. Rb7 Kxd5 30. Rxh7 Ke5 31. h4 Kf6 32. h5 gxh5 33. Rxh5 Kg6 34. Rh8 Rb2 35. Rg8+ Kf7 36. Rc8 Ke6 37. Rc6+ Ke5 38. Ra6 Rb7 39. Kg2 Rc7 40. f4+ Kd4 41. Rd6+ Kc4 42. Rf6 Rc5 43. Ra6 Rc7 44. Ra5 Rf7 45. Kf3 Kb4 46. Ra6 Kb5 47. Ra3 a5 48. g4 fxg4+ 49. Kxg4 a4 50. f5 Kb4 51. Ra1 a3 52. Kg5 Kb3 1/2-1/2